Dallas Stars Leaders - Statistics

General Stats
  • This quiz has been taken 83 times
    25 since last reset
  • The average score is 37 of 100
Answer Stats
Stat Number Answer % Correct
Most Goals 557 Mike Modano
100%
Most Assists 802 Mike Modano
100%
Most Points 1359 Mike Modano
100%
Most Games Played 1459 Mike Modano
100%
Most Game Winning Goals 92 Mike Modano
100%
Most Goals 414 Jamie Benn
94%
Most Assists 578 Jamie Benn
94%
Most Points 992 Jamie Benn
94%
Most Games Played 1251 Jamie Benn
94%
Most Game Winning Goals 65 Jamie Benn
94%
Most Game Winning Goals 40 Jason Robertson
72%
Most Games Played (Goalie) 304 Jake Oettinger
61%
Most Wins 183 Jake Oettinger
61%
Most Shutouts 16 Jake Oettinger
61%
Best Career Save Percentage .910 Jake Oettinger
61%
Best Career Goals Against Average 2.54 Jake Oettinger
61%
Most Goals 311 Tyler Seguin
61%
Most Assists 394 Tyler Seguin
61%
Most Points 705 Tyler Seguin
61%
Most Games Played 813 Tyler Seguin
61%
Most Game Winning Goals 55 Tyler Seguin
61%
Most Assists 438 Sergei Zubov
56%
Most Points 549 Sergei Zubov
56%
Most Games Played 839 Sergei Zubov
56%
Most Goals 332 Dino Ciccarelli
50%
Most Assists 319 Dino Ciccarelli
50%
Most Points 651 Dino Ciccarelli
50%
Most Games Played (Goalie) 307 Ed Belfour
50%
Most Wins 160 Ed Belfour
50%
Most Shutouts 27 Ed Belfour
50%
Best Career Save Percentage .910 Ed Belfour
50%
Best Career Goals Against Average 2.19 Ed Belfour
50%
Most Game Winning Goals 35 Joe Nieuwendyk
44%
Most Assists 369 Bobby Smith
39%
Most Points 554 Bobby Smith
39%
Most Games Played (Goalie) 509 Marty Turco
39%
Most Wins 262 Marty Turco
39%
Most Shutouts 40 Marty Turco
39%
Best Career Save Percentage .911 Marty Turco
39%
Best Career Goals Against Average 2.31 Marty Turco
39%
Most Goals 243 Jere Lehtinen
33%
Most Games Played 875 Jere Lehtinen
33%
Most Game Winning Goals 37 Jere Lehtinen
33%
Most Games Played (Goalie) 445 Kari Lehtonen
33%
Most Wins 216 Kari Lehtonen
33%
Most Shutouts 24 Kari Lehtonen
33%
Best Career Save Percentage .912 Kari Lehtonen
33%
Best Career Goals Against Average 2.63 Kari Lehtonen
33%
Most Goals 274 Neal Broten
33%
Most Assists 593 Neal Broten
33%
Most Points 867 Neal Broten
33%
Most Games Played 992 Neal Broten
33%
Most Wins 74 Ben Bishop
28%
Most Shutouts 14 Ben Bishop
28%
Best Career Save Percentage .923 Ben Bishop
28%
Best Career Goals Against Average 2.33 Ben Bishop
28%
Most Goals 267 Bill Goldsworthy
28%
Most Game Winning Goals 34 Bill Goldsworthy
28%
Most Goals 342 Brian Bellows
28%
Most Assists 380 Brian Bellows
28%
Most Points 722 Brian Bellows
28%
Most Game Winning Goals 40 Brian Bellows
28%
Most Games Played 827 Derian Hatcher
28%
Most Games Played (Goalie) 325 Jon Casey
28%
Most Wins 128 Jon Casey
28%
Most Shutouts 12 Jon Casey
28%
Most Goals 243 Brenden Morrow
22%
Most Points 528 Brenden Morrow
22%
Most Games Played 835 Brenden Morrow
22%
Most Game Winning Goals 43 Brenden Morrow
22%
Most Games Played (Goalie) 315 Don Beaupre
22%
Most Wins 126 Don Beaupre
22%
Best Career Save Percentage .900 Antti Niemi
17%
Best Career Goals Against Average 2.92 Antti Niemi
17%
Best Career Save Percentage .919 Gump Worsley
17%
Best Career Goals Against Average 2.63 Gump Worsley
17%
Most Games Played (Goalie) 175 Andy Moog
11%
Most Wins 75 Andy Moog
11%
Most Shutouts 8 Andy Moog
11%
Best Career Save Percentage .904 Andy Moog
11%
Best Career Goals Against Average 2.74 Andy Moog
11%
Most Games Played (Goalie) 420 Cesare Maniago
11%
Most Wins 145 Cesare Maniago
11%
Most Shutouts 26 Cesare Maniago
11%
Best Career Save Percentage .906 Cesare Maniago
11%
Best Career Goals Against Average 3.18 Cesare Maniago
11%
Most Games Played 765 Esa Lindell
11%
Most Games Played (Goalie) 327 Gilles Meloche
11%
Most Wins 141 Gilles Meloche
11%
Most Shutouts 9 Gilles Meloche
11%
Most Game Winning Goals 35 Roope Hintz
11%
Most Assists 316 Tim Young
11%
Best Career Save Percentage .917 Anton Khudobin
6%
Best Career Goals Against Average 2.54 Anton Khudobin
6%
Most Assists 315 Craig Hartsburg
6%
Most Goals 247 Dave Gagner
6%
Most Points 534 Dave Gagner
6%
Most Games Played 760 Curt Giles
0%
Most Shutouts 8 Darcy Wakaluk
0%
Most Games Played (Goalie) 173 Pete LoPresti
0%
No matching quizzes found
Score Distribution
Percent of People with Each Score
Percentile by Number Answered
Your Score History
You have not taken this quiz since the last reset